[Event "Retro WM 84 Glasgow "]
[Site "Salzgitter"]
[Date "2018.11.24"]
[Round "3"]
[White "Chafitz Steinitz TM , 20 MHz"]
[Black "Petrosjan Glasgow TM , 20 MHz"]
[Result "1-0"]
[WhiteElo "1890"]
[BlackElo "1830"]
[PlyCount "120"]

1. b3 e5 2. Bb2 Nc6 3. c4 Nf6 4. e3 d5 5. cxd5 Nxd5 6. a3 Bc5 7. Bb5 Bd7 8.
Bxc6 Bxc6 9. Qh5 O-O 10. Qxe5 Nf6 11. Nf3 Bxf3 12. gxf3 Bd6 13. Qb5 b6 14. Nc3
a6 15. Qc6 Nd7 16. d4 Re8 17. Ne4 Re6 18. Qb7 a5 19. Nxd6 Rxd6 20. Rg1 Rb8 21.
Qe4 Nf6 22. Qf5 Rd5 23. Qf4 Rb5 24. d5 Nh5 25. Qh6 f6 26. Qxh5 Rxd5 27. Qh4 Rd6
28. Qc4+ Kf8 29. Qc2 Kg8 30. Rd1 b5 31. Ke2 Qe7 32. Rxd6 Qxd6 33. Rc1 Qxh2 34.
Qxc7 Qxc7 35. Rxc7 a4 36. bxa4 bxa4 37. Bc1 h6 38. Ra7 Rb3 39. Rxa4 Kf7 40.
Ra7+ Kg6 41. a4 h5 42. a5 h4 43. a6 h3 44. Rc7 Rb8 45. a7 Rh8 46. Ba3 h2 47.
Rc1 Ra8 48. Bc5 Kf5 49. Rh1 Ke6 50. Rxh2 Kd5 51. Rh5+ g5 52. Bd4 Kc4 53. Rh7
Kb5 54. Bxf6 Ka6 55. Bxg5 Kb5 56. e4 Kc6 57. Bf6 Kc5 58. e5 Kc6 59. e6 Kd6 60.
Bd4 Kxe6 1-0

[Event "Retro WM 84 Glasgow"]
[Site "Salzgitter"]
[Date "2018.11.24"]
[Round "24"]
[White "Petrosjan Glasgow TM , 20 MHz"]
[Black "Fidelity Elegance TM , 12 MHz"]
[Result "1-0"]
[WhiteElo "1830"]
[BlackElo "1910"]
[PlyCount "94"]

1. d4 Nc6 2. d5 Nb4 3. e4 e5 4. a3 Na6 5. Bxa6 bxa6 6. Nf3 Nf6 7. Nxe5 Nxe4 8.
Qe2 d6 9. Nc6 Qh4 10. g3 Qg4 11. f3 Qg6 12. fxe4 Bg4 13. Qd3 Bd7 14. Nc3 Bxc6
15. dxc6 Be7 16. Nd5 Bd8 17. Bd2 O-O 18. O-O-O Re8 19. Qxa6 Qg4 20. Qb7 Qc8 21.
Qxc8 Rxc8 22. Rde1 Rb8 23. Ba5 Rc8 24. Kb1 Re6 25. h4 Rg6 26. e5 dxe5 27. Rxe5
f5 28. Rxf5 Rxc6 29. Rhf1 Rf6 30. Nxf6+ Bxf6 31. Rb5 a6 32. Rb7 Be5 33. g4 c5
34. Ra7 Rb8 35. b3 Bf6 36. g5 Be5 37. Bc7 Bxc7 38. Rxc7 c4 39. Rff7 Kh8 40.
Rxc4 h6 41. gxh6 gxh6 42. Rcc7 h5 43. Rf6 a5 44. Ra6 a4 45. Rxa4 Kg8 46. Ra5
Kh8 47. Rxh5+ Kg8 1-0

[Event "Retro WM 84 Glasgow"]
[Site "Salzgitter"]
[Date "2018.11.24"]
[Round "5"]
[White "Fidelity Elegance TM , 12 MHz"]
[Black "Petrosjan Glasgow TM , 20 MHz"]
[Result "1-0"]
[WhiteElo "1910"]
[BlackElo "1830"]
[PlyCount "94"]

1. d4 Nf6 2. a4 d5 3. Nf3 e6 4. Bf4 Nc6 5. Nbd2 Nh5 6. Bg5 f6 7. Be3 Bd6 8. g4
Nf4 9. c4 Ng6 10. c5 Be7 11. h4 e5 12. h5 exd4 13. Nxd4 Nge5 14. f3 O-O 15. h6
Nxd4 16. Bxd4 g6 17. e3 b6 18. Nb3 Rb8 19. Rc1 c6 20. cxb6 Bb4+ 21. Nd2 axb6
22. Bxe5 fxe5 23. Rxc6 Bc5 24. Qb3 Bb7 25. Re6 Kf7 26. Rxe5 Be7 27. Re4 Bh4+
28. Ke2 Ba6+ 29. Kd1 Bb7 30. Rb4 Bc6 31. Qc3 Rc8 32. Qg7+ Ke6 33. Qxh7 Be7 34.
Rd4 Bc5 35. Qxg6+ Rf6 36. Qd3 Bxd4 37. Qxd4 Kd7 38. Bh3 Bxa4+ 39. Qxa4+ Kc7 40.
Qa7+ Kd6 41. Bg2 Ra8 42. Qg7 Re6 43. Ke2 Qe8 44. Qc3 Re7 45. h7 Qh8 46. Qb4+
Kd7 47. Qb5+ Kc7 1-0

[Event "Retro WM 84 Glasgow"]
[Site "Salzgitter"]
[Date "2018.11.24"]
[Round "1"]
[White "Chafitz Steinitz TM , 20 MHz"]
[Black "Sandy TSB 4 La Regence , 8 MHz"]
[Result "1-0"]
[WhiteElo "1890"]
[BlackElo "1730"]
[PlyCount "85"]

1. d4 d5 2. c4 Nc6 3. Nc3 Nf6 4. Nf3 dxc4 5. d5 Na5 6. Qa4+ c6 7. dxc6 bxc6 8.
Ne5 Qb6 9. e3 Be6 10. Nxc4 Nxc4 11. Bxc4 Bxc4 12. Qxc4 e6 13. O-O Rd8 14. f3
Bc5 15. Kh1 O-O 16. Na4 Qb4 17. Qxc5 Qxa4 18. b3 Qb5 19. Ba3 Qxc5 20. Bxc5 Rfe8
21. Bxa7 Rd7 22. Bb6 e5 23. Rfc1 Re6 24. Rd1 Red6 25. Rxd6 Rxd6 26. Bc7 Re6 27.
e4 g5 28. a4 g4 29. a5 gxf3 30. gxf3 c5 31. a6 Ne8 32. Bb8 Rc6 33. a7 Nc7 34.
Bxc7 Rxc7 35. Rg1+ Kf8 36. a8=Q+ Ke7 37. Rg8 Rd7 38. Re8+ Kf6 39. Qc6+ Kg7 40.
Qxd7 c4 41. Qg4+ Kf6 42. Qf5+ Kg7 43. Qg5# 1-0

[Event "Retro WM 84 Glasgow"]
[Site "Salzgitter"]
[Date "2018.11.24"]
[Round "20"]
[White "Sandy TSB 4 La Regence , 8 MHz"]
[Black "Chafitz Steinitz TM , 20 MHz"]
[Result "0-1"]
[WhiteElo "1730"]
[BlackElo "1890"]
[PlyCount "58"]

1. d4 d5 2. c4 c6 3. cxd5 cxd5 4. Nf3 Nf6 5. Nc3 Nc6 6. Bf4 e6 7. e3 Be7 8. Bd3
O-O 9. O-O Nh5 10. Qc2 Nxf4 11. Bxh7+ Kh8 12. exf4 g6 13. Bxg6 Nb4 14. Qb1 fxg6
15. Qxg6 Qe8 16. Qh6+ Kg8 17. Ng5 Bxg5 18. Qxg5+ Kh7 19. Rfe1 Nd3 20. Re3 Nxf4
21. Nxd5 Qg6 22. Qxg6+ Kxg6 23. Nc7 Rb8 24. Rc1 Bd7 25. g3 Nh3+ 26. Kg2 Rxf2+
27. Kxh3 Rh8+ 28. Kg4 e5+ 29. Ne6 Bxe6# 0-1

[Event "Retro WM 84 Glasgow"]
[Site "Salzgitter"]
[Date "2018.11.24"]
[Round "6"]
[White "Psion Sinclair QL , 7,5 MHz"]
[Black "Meph. Excalibur Y Budapest , 8 MHz"]
[Result "1-0"]
[WhiteElo "1787"]
[BlackElo "1750"]
[PlyCount "111"]

1. e4 Nc6 2. d4 d5 3. Nc3 dxe4 4. d5 Ne5 5. Bf4 Ng6 6. Be3 Nf6 7. Bb5+ Bd7 8.
Bc4 Nh4 9. Kf1 Nf5 10. Bg5 Nd6 11. Be2 e6 12. Qd2 Be7 13. Nh3 Nxd5 14. Nxd5
exd5 15. Bxe7 Qxe7 16. Qxd5 Bxh3 17. gxh3 Qf6 18. c3 c6 19. Qd2 O-O 20. Rg1 Qe6
21. Qe3 a5 22. Qg3 g6 23. Qg4 f5 24. Qf4 a4 25. Rd1 Nf7 26. a3 Qb3 27. Qxf5
Qxb2 28. Qxe4 Qxc3 29. Rg3 Qe5 30. Qc4 Qc7 31. Rc1 Rfd8 32. Bd3 Qd6 33. Rc3
Rdc8 34. Bf5 b5 35. Qe4 Qd1+ 36. Kg2 Re8 37. Qxc6 Ne5 38. Qxb5 Rab8 39. Be6+
Nf7 40. Qc4 Re7 41. Rgf3 Rf8 42. Rcd3 Qe1 43. Rfe3 Qa5 44. Rd4 Qa7 45. Qxa4 Qb6
46. Rb4 Qc5 47. Qb3 Qc6+ 48. Bd5 Qf6 49. Rxe7 Qxe7 50. Qe3 Qd6 51. Qf3 Qe5 52.
h4 Kg7 53. Rb7 Qe8 54. h5 g5 55. Qf5 Qd8 56. Bxf7 1-0

[Event "Retro WM 84 Glasgow"]
[Site "Salzgitter"]
[Date "2018.11.25"]
[Round "34"]
[White "Meph. Excalibur Y Budapest , 8 MHz"]
[Black "Fidelity Elegance TM , 12 MHz"]
[Result "0-1"]
[WhiteElo "1750"]
[BlackElo "1910"]
[PlyCount "78"]

1. d4 Nf6 2. c4 g6 3. Nf3 Bg7 4. Nc3 d6 5. e4 O-O 6. Be2 e5 7. dxe5 dxe5 8.
Qxd8 Rxd8 9. Bg5 Re8 10. Nd5 Nxd5 11. cxd5 f5 12. Bd3 fxe4 13. Bxe4 Bf5 14.
Bxf5 gxf5 15. O-O-O Nd7 16. g3 e4 17. Ne1 Ne5 18. Rd2 Nc4 19. Rc2 b5 20. b3 Nb6
21. Rc5 Re5 22. Bf4 Rxd5 23. Rxc7 Rdd8 24. Rc5 Rac8 25. Rxc8 Rxc8+ 26. Kd2 Nd5
27. a4 bxa4 28. bxa4 Rc4 29. Ng2 Rxa4 30. Ke2 Ra2+ 31. Bd2 Bd4 32. Kd1 Bxf2 33.
Ke2 e3 34. Nh4 exd2 35. Kf3 Be1 36. Ke2 Nc3+ 37. Kf1 d1=Q 38. Ng2 Bxg3+ 39. Ne1
Qxe1# 0-1

[Event "Retro WM 84 Glasgow"]
[Site "Salzgitter"]
[Date "2018.11.24"]
[Round "1"]
[White "Meph. Excalibur Y Budapest , 8 MHz"]
[Black "Petrosjan Glasgow TM , 20 MHz"]
[Result "0-1"]
[WhiteElo "1750"]
[BlackElo "1830"]
[PlyCount "135"]

1. c4 c6 2. d4 d5 3. cxd5 cxd5 4. g3 Nf6 5. Bg2 e6 6. Nc3 Nc6 7. Nf3 Qb6 8. a4
Be7 9. O-O O-O 10. e3 Bd7 11. Qc2 Nb4 12. Qb3 Ng4 13. a5 Qc7 14. e4 dxe4 15.
Bf4 Bd6 16. Bxd6 Qxd6 17. Nxe4 Qe7 18. Nc5 Na6 19. Nxa6 bxa6 20. Ne5 Rab8 21.
Qc3 Rfc8 22. Qd2 Nf6 23. f4 Qb4 24. Rf2 Qd6 25. Bf3 h6 26. Re1 Ba4 27. Qd3 Rb3
28. Qd2 Rb4 29. Rc1 Rxc1+ 30. Qxc1 Qd8 31. Qc5 Qxd4 32. Qxd4 Rxd4 33. Bb7 h5
34. Kg2 Ne4 35. Bxe4 Rxe4 36. Rd2 Kf8 37. Rd8+ Be8 38. b3 Rb4 39. Ra8 Rb7 40.
Kh3 g6 41. Nc6 Rxb3 42. Ne5 Rb7 43. Nc6 h4 44. Nd8 Rb5 45. Kxh4 Ke7 46. Rc8 Bd7
47. Ra8 Rc5 48. Kg4 Bc8 49. Nxf7 Kxf7 50. Rxa7+ Kf6 51. Kf3 e5 52. fxe5+ Rxe5
53. Rc7 Be6 54. Rc6 Rxa5 55. h4 Ke5 56. Rc3 Bd5+ 57. Kg4 Kf6 58. Rd3 Ra4+ 59.
Kh3 Ke5 60. Rd2 Re4 61. Rb2 a5 62. Rb5 a4 63. Ra5 Rd4 64. Kh2 Ke4 65. Kg2 Ke3+
66. Kh3 Kf2 67. Kh2 Rd1 68. Rxd5 0-1

[Event "Retro WM 84 Glasgow"]
[Site "Salzgitter"]
[Date "2018.12.01"]
[Round "30"]
[White "Meph. Excalibur X NY , 8 MHz"]
[Black "Meph. Excalibur O Serie , 8 MHz"]
[Result "1/2-1/2"]
[WhiteElo "1750"]
[BlackElo "1750"]
[PlyCount "118"]

1. e4 c5 2. c3 e6 3. d4 d5 4. exd5 exd5 5. Nf3 Nf6 6. dxc5 Bxc5 7. Be3 Bxe3 8.
Bb5+ Kf8 9. fxe3 Qb6 10. Qe2 Ng4 11. Na3 Nxe3 12. Bd3 Bg4 13. Nb5 Nd7 14. h3
Nxg2+ 15. Qxg2 Re8+ 16. Kf1 Bxf3 17. Qxf3 a6 18. Qxd5 Nf6 19. Qd6+ Qxd6 20.
Nxd6 Rd8 21. Nxb7 Rxd3 22. Nc5 Rd2 23. Rb1 a5 24. Nb3 Rd5 25. Re1 Nh5 26. Rh2
Nf4 27. Re4 Rd1+ 28. Kf2 Nd3+ 29. Ke3 Ne1 30. Ke2 Rb1 31. Nd2 Rc1 32. Re5 f6
33. Rxa5 Kf7 34. Ra7+ Kg6 35. Re7 Rb8 36. Rf2 Rxb2 37. Rf1 Nd3 38. Kxd3 Rxd2+
39. Kxd2 Rxf1 40. a3 Rh1 41. Re3 Rh2+ 42. Kd1 Kf5 43. Ke1 Ra2 44. Re7 Rxa3 45.
Rxg7 Rxc3 46. Rxh7 Rc2 47. Rh5+ Kg6 48. Rh8 Kg5 49. h4+ Kf5 50. Rd8 Kg4 51.
Rd4+ Kh5 52. Rf4 Kg6 53. Rf2 Rc1+ 54. Kd2 Rh1 55. Rg2+ Kf5 56. Rf2+ Ke5 57.
Re2+ Kd4 58. Rf2 Rxh4 59. Rxf6 Rh2+ 1/2-1/2

[Event "Retro WM 84 Glasgow"]
[Site "Salzgitter"]
[Date "2018.12.01"]
[Round "11"]
[White "Meph. Excalibur O Serie , 8 MHz"]
[Black "Meph. Excalibur X NY , 8 MHz"]
[Result "1-0"]
[WhiteElo "1750"]
[BlackElo "1750"]
[PlyCount "116"]

1. c4 Nf6 2. d4 e6 3. Nc3 d5 4. Nf3 c6 5. Bg5 h6 6. Bxf6 Qxf6 7. cxd5 exd5 8.
e3 Qg6 9. Ne5 Qg5 10. Nf3 Qg6 11. Ne5 Qg5 12. Qf3 Be6 13. Bd3 Bb4 14. O-O Bd6
15. Qg3 Nd7 16. Qxg5 hxg5 17. f4 Bxe5 18. fxe5 Nb6 19. a4 O-O-O 20. h3 g4 21.
a5 Nd7 22. hxg4 Rdf8 23. g5 f6 24. exf6 gxf6 25. g6 Rfg8 26. a6 b6 27. Rf4 f5
28. Bxf5 Bxf5 29. Rxf5 Rxg6 30. Raf1 Rhg8 31. R5f2 Nb8 32. Rf8+ Rxf8 33. Rxf8+
Kc7 34. Rf7+ Nd7 35. b4 Re6 36. Kf2 Kd6 37. Kf3 Rf6+ 38. Rxf6+ Nxf6 39. g4 Nd7
40. g5 Nf8 41. b5 c5 42. Ne2 Ne6 43. g6 Ke7 44. Nc3 Nc7 45. Kg4 Kf6 46. Kh5
cxd4 47. exd4 Kg7 48. Kg5 Ne6+ 49. Kf5 Nxd4+ 50. Ke5 Nf3+ 51. Kxd5 Kxg6 52. Kc6
Ne5+ 53. Kb7 Kf5 54. Kxa7 Nc4 55. Kb8 Ke5 56. a7 Kd4 57. Na4 Nd6 58. Nxb6 Nxb5
1-0

[Event "Retro WM 84 Glasgow"]
[Site "Salzgitter"]
[Date "2018.12.01"]
[Round "29"]
[White "Meph. Excalibur Y Budapest , 8 MHz"]
[Black "Meph. Excalibur X NY , 8 MHz"]
[Result "0-1"]
[WhiteElo "1750"]
[BlackElo "1750"]
[PlyCount "106"]

1. d4 d5 2. Nf3 Nf6 3. e3 Bg4 4. c4 c6 5. Qb3 Bxf3 6. Qxb7 Bxg2 7. Bxg2 Nbd7 8.
Nc3 e6 9. Qxc6 Rc8 10. Qa4 Rxc4 11. Qxa7 Bb4 12. Bd2 Qc8 13. f4 O-O 14. Bf3 Qd8
15. Rg1 Qc8 16. h3 Qd8 17. O-O-O Bxc3 18. Bxc3 Qe7 19. Rg3 Rfc8 20. Rdg1 g6 21.
a4 R4c7 22. Qa6 Qd8 23. a5 Ne4 24. Bxe4 dxe4 25. Kb1 Nf6 26. Rh1 Nd5 27. Bd2
Rc2 28. Rh2 Nxe3 29. Rxe3 Qxd4 30. Rc3 R2xc3 31. bxc3 Rb8+ 32. Qb6 Rxb6+ 33.
axb6 Qxb6+ 34. Kc2 Qa7 35. Re2 Qa2+ 36. Kc1 Qc4 37. Re3 Kg7 38. h4 Kf6 39. Re1
h6 40. Kd1 Kf5 41. Kc1 Qd3 42. h5 gxh5 43. Re3 Qf1+ 44. Re1 Qc4 45. Kb2 h4 46.
Bc1 Qb5+ 47. Kc2 Qa4+ 48. Kb2 h3 49. Rh1 e5 50. fxe5 Qb5+ 51. Ka3 Qd3 52. Bb2
Qf3 53. e6 Kxe6 0-1

[Event "Retro WM 84 Glasgow"]
[Site "Salzgitter"]
[Date "2018.12.02"]
[Round "10"]
[White "Meph. Excalibur X NY , 8 MHz"]
[Black "Meph. Excalibur Y Budapest , 8 MHz"]
[Result "1-0"]
[WhiteElo "1750"]
[BlackElo "1750"]
[PlyCount "153"]

1. c4 e6 2. d4 Nf6 3. Nc3 Bb4 4. Nf3 d5 5. Bg5 h6 6. Bxf6 Bxc3+ 7. bxc3 Qxf6 8.
e3 Nc6 9. Qb3 Qf5 10. cxd5 Qxd5 11. Bd3 b6 12. O-O O-O 13. c4 Qd6 14. Be4 Bb7
15. c5 Qd7 16. Qb5 f5 17. Bd3 Rae8 18. Rab1 Qd5 19. cxb6 axb6 20. Qxd5 exd5 21.
Rfc1 f4 22. Bb5 Re6 23. e4 Na5 24. Rxc7 dxe4 25. Rxb7 Nxb7 26. Bc4 Nd8 27. Ne5
Rff6 28. Rxb6 Kf8 29. Rxe6 Rxe6 30. Bxe6 Nxe6 31. d5 Nc7 32. d6 Ne6 33. Kf1 Ke8
34. h4 Nd4 35. a4 Nb3 36. Ke2 Nd4+ 37. Kd2 Nb3+ 38. Kc3 Nc5 39. Kd4 Nb7 40.
Kxe4 Nxd6+ 41. Kxf4 Nb7 42. Kf5 Ke7 43. Kg6 Kf8 44. f4 Kg8 45. g4 Na5 46. g5
hxg5 47. Kxg5 Nb3 48. Kg6 Na5 49. h5 Nb7 50. Nd7 Nd6 51. h6 Nc8 52. hxg7 Ne7+
53. Kh6 Nf5+ 54. Kg5 Ne7 55. f5 Nc6 56. Kf6 Nb4 57. Kg6 Nd5 58. Nf6+ Nxf6 59.
Kxf6 Kh7 60. Kf7 Kh6 61. g8=Q Kh5 62. Ke6 Kh4 63. Qf7 Kg3 64. a5 Kh2 65. Kf6
Kg2 66. Qb3 Kf2 67. a6 Ke2 68. Ke5 Kf2 69. Kf4 Ke2 70. Ke4 Kf1 71. Kf3 Ke1 72.
Ke3 Kf1 73. Qd1+ Kg2 74. a7 Kh3 75. a8=Q Kh4 76. Kf4 Kh3 77. Qah1# 1-0

[Event "Retro WM 84 Glasgow"]
[Site "Salzgitter"]
[Date "2018.12.02"]
[Round "12"]
[White "Meph. Excalibur Y Budapest , 8 MHz"]
[Black "Meph. Excalibur O Serie , 8 MHz"]
[Result "1-0"]
[WhiteElo "1750"]
[BlackElo "1750"]
[PlyCount "95"]

1. Nc3 c5 2. e4 e6 3. f4 d5 4. Bb5+ Nc6 5. Nf3 Nf6 6. e5 Nd7 7. O-O Be7 8. d3
O-O 9. Bxc6 bxc6 10. Bd2 f6 11. Qe2 Qb6 12. Na4 Qb5 13. b3 Qb8 14. c4 Ba6 15.
d4 Qe8 16. Bc3 cxd4 17. Nxd4 Nc5 18. exf6 Rxf6 19. Nxc5 Bxc5 20. Rae1 dxc4 21.
b4 Bxd4+ 22. Bxd4 Rh6 23. a3 Qg6 24. Qf3 Bb5 25. Qc3 Qg4 26. a4 Bxa4 27. h3 Qg6
28. Ra1 Bb5 29. Rxa7 Rxa7 30. Bxa7 Rh4 31. Bb8 Rh5 32. Be5 Rh4 33. Ra1 h6 34.
Qe1 Rh5 35. Ra7 Kh8 36. Bxg7+ Kg8 37. Ba1 Kf8 38. Rg7 Qc2 39. Rb7 Qg6 40. Rc7
Rd5 41. Bc3 Rd6 42. Qe2 Rd3 43. Qe5 Rd1+ 44. Kh2 Rd7 45. Rxd7 Ke8 46. Rg7 Qxg7
47. Qxg7 h5 48. Qe5 1-0

[Event "Retro WM 84 Glasgow"]
[Site "Salzgitter"]
[Date "2018.12.02"]
[Round "31"]
[White "Meph. Excalibur O Serie , 8 MHz"]
[Black "Meph. Excalibur Y Budapest , 8 MHz"]
[Result "0-1"]
[WhiteElo "1750"]
[BlackElo "1750"]
[PlyCount "160"]

1. e4 e5 2. Nf3 Nf6 3. Nc3 Nc6 4. Bb5 Bb4 5. O-O O-O 6. Nd5 Nxd5 7. exd5 e4 8.
c3 exf3 9. Qxf3 Ne5 10. Qe4 Bd6 11. d4 f5 12. Qc2 Ng4 13. h3 Nh2 14. Re1 c6 15.
Bd3 Qf6 16. f4 Qh4 17. Qd2 Qg3 18. Re3 Qxf4 19. dxc6 dxc6 20. Bc4+ Kh8 21. Re1
Qxd2 22. Bxd2 Rb8 23. Bb3 Bd7 24. Re5 Ng4 25. Ra5 Bc7 26. Rxa7 Bb6 27. Ra3 Nf6
28. Bf4 Ra8 29. Rxa8 Rxa8 30. Re1 Ne4 31. Bf7 c5 32. Be5 Ra4 33. Bb3 Ra7 34.
Re3 Ra5 35. Bf7 c4 36. Bf4 Rxa2 37. Bxc4 Rxb2 38. Bd5 Nxc3 39. Rxc3 Bxd4+ 40.
Re3 Re2 41. Kf1 Rxe3 42. Bxe3 Bxe3 43. Ke2 f4 44. Bxb7 g5 45. h4 g4 46. Kd3 Kg7
47. Ke4 Kg6 48. Ba8 h6 49. Bb7 g3 50. Ke5 Bg4 51. Be4+ Kh5 52. Bc6 f3 53. Kd6
Bf4+ 54. Kc5 Bb8 55. Kd4 Ba7+ 56. Ke5 Kxh4 57. Kf4 f2 58. Bb5 Bc8 59. Bf1 Bb7
60. Kf5 Be3 61. Ke6 Kg5 62. Kd6 Kf5 63. Kc7 Be4 64. Kd6 Kf6 65. Kd7 Bc5 66. Kc7
Ke5 67. Kc8 Kd6 68. Kd8 h5 69. Ke8 Ke6 70. Kd8 Bb6+ 71. Ke8 h4 72. Bc4+ Ke5 73.
Bf1 h3 74. gxh3 g2 75. Bc4 g1=Q 76. h4 Qg6+ 77. Kd7 Qh7+ 78. Bf7 f1=Q 79. h5
Qhxf7+ 80. Kc8 Qe8# 0-1

[Event "Retro WM 84 Glasgow"]
[Site "Salzgitter"]
[Date "2018.12.03"]
[Round "19"]
[White "Fidelity Elegance TM , 12 MHz"]
[Black "SciSys Turbostar 432 KSO , 4 MHz"]
[Result "0-1"]
[WhiteElo "1910"]
[BlackElo "1770"]
[PlyCount "138"]

1. a4 d5 2. d4 Nf6 3. Nf3 Bf5 4. Nc3 e6 5. Nh4 Bb4 6. Nxf5 exf5 7. e3 O-O 8.
Bd2 c5 9. dxc5 Nc6 10. Bd3 Qd7 11. Qf3 Ne4 12. Qh3 Qe6 13. Nxe4 fxe4 14. Qxe6
Bxd2+ 15. Kxd2 fxe6 16. Be2 Rxf2 17. Rhg1 Ne5 18. a5 Nf3+ 19. gxf3 exf3 20.
Rge1 Rxh2 21. a6 b6 22. cxb6 axb6 23. a7 Kf7 24. Kd3 fxe2 25. Rxe2 Rxe2 26.
Kxe2 Kf6 27. Kd3 Ke5 28. c4 h5 29. b4 g5 30. c5 bxc5 31. bxc5 Kf6 32. c6 Ke7
33. Rc1 Kd8 34. Ra1 Kc7 35. Ra6 Kd6 36. e4 h4 37. e5+ Kc7 38. Ke3 h3 39. Kf2 d4
40. Ra4 Kxc6 41. Kg3 Kd5 42. Kxh3 Kxe5 43. Kg4 Ke4 44. Kxg5 e5 45. Kf6 Kf4 46.
Ke6 Ke3 47. Kxe5 d3 48. Re4+ Kf2 49. Rd4 Ke2 50. Re4+ Kf1 51. Rd4 Ke2 52. Re4+
Kd1 53. Kd4 d2 54. Kc5 Rxa7 55. Rd4 Rc7+ 56. Kb5 Ke2 57. Kb4 d1=Q 58. Rxd1 Kxd1
59. Kb5 Kc2 60. Kb4 Kd3 61. Kb5 Kd4 62. Kb6 Rc5 63. Kb7 Kd5 64. Kb6 Kd6 65. Kb7
Rc6 66. Kb8 Rb6+ 67. Ka8 Kc7 68. Ka7 Rf6 69. Ka8 Ra6# 0-1

[Event "Retro WM 84 Glasgow"]
[Site "Salzgitter"]
[Date "2018.12.08"]
[Round "38"]
[White "SciSys Turbostar 432 KSO , 4 MHz"]
[Black "Fidelity Elegance TM , 12 MHz"]
[Result "1/2-1/2"]
[WhiteElo "1770"]
[BlackElo "1910"]
[PlyCount "210"]

1. c4 f5 2. Nf3 Nf6 3. g3 e6 4. Bg2 Be7 5. O-O O-O 6. d3 Nc6 7. Nc3 d5 8. cxd5
exd5 9. Bf4 Nh5 10. Qb3 Nf6 11. Bg5 Na5 12. Qa4 Nc6 13. Bxf6 Bxf6 14. d4 Be6
15. e3 Qd7 16. Qb5 b6 17. Nd2 a6 18. Qe2 Bf7 19. Rac1 Rfe8 20. Qf3 Nb4 21. a3
Nd3 22. Nxd5 Nxc1 23. Rxc1 Ra7 24. Nxf6+ gxf6 25. h4 Qb5 26. Rc2 Kg7 27. Bh3
Bg6 28. Bf1 Qd7 29. Bh3 h5 30. d5 Rh8 31. Bg2 Bf7 32. Rc6 Raa8 33. e4 Rad8 34.
Qc3 Qe7 35. Rxc7 Rd7 36. Rxd7 Qxd7 37. Bh3 Bg6 38. Qd4 b5 39. Nb3 Rd8 40. Nc5
Qf7 41. Qc3 Kg8 42. Nxa6 Qe7 43. exf5 Bf7 44. Nb4 Bxd5 45. Nxd5 Rxd5 46. Qb3
Qe1+ 47. Kh2 Qd1 48. Qe3 Qd4 49. Qe8+ Kg7 50. Qe7+ Kg8 51. Bg2 Rd8 52. f4 Rd6
53. Qe8+ Kg7 54. Qxb5 Rb6 55. Qe8 Qxb2 56. Qg6+ Kf8 57. Qh6+ Ke7 58. Qh7+ Kd8
59. Qh8+ Ke7 60. Qg7+ Ke8 61. Qg8+ Ke7 62. a4 Qe2 63. Qg7+ Ke8 64. Qg8+ Ke7 65.
Qh7+ Kf8 66. Qh6+ Kg8 67. Qg6+ Kf8 68. a5 Ra6 69. Qh7 Rxa5 70. Qh6+ Kf7 71.
Qg6+ Ke7 72. Qg7+ Ke8 73. Qxf6 Ra2 74. Qh8+ Kf7 75. Qh7+ Kf6 76. Qg6+ Ke7 77.
Qg7+ Ke8 78. Qg8+ Ke7 79. Qg5+ Kf7 80. Qg6+ Ke7 81. Qc6 Kf7 82. Qd5+ Kf6 83.
Qd8+ Kxf5 84. Qg5+ Ke6 85. Qg6+ Ke7 86. Qc6 Ra6 87. Qd5 Re6 88. Qg5+ Kf7 89.
Kh3 Rg6 90. Qf5+ Kg7 91. Qd7+ Kh6 92. Kh2 Qe3 93. Qh3 Qf2 94. f5 Rg4 95. f6 Kg6
96. f7 Kxf7 97. Kh1 Kf6 98. Bd5 Ke5 99. Qg2 Qxg3 100. Qxg3+ Rxg3 101. Kh2 Rg4
102. Bf3 Rxh4+ 103. Kg3 Rc4 104. Bxh5 Ke4 105. Bg6+ Ke3 1/2-1/2

[Event "Retro WM 84 Glasgow"]
[Site "Salzgitter"]
[Date "2018.12.09"]
[Round "25"]
[White "Meph. Excalibur Y Budapest , 8 MHz"]
[Black "Psion Sinclair QL , 7,5 MHz"]
[Result "1/2-1/2"]
[WhiteElo "1750"]
[BlackElo "1787"]
[PlyCount "150"]
[EventDate "2018.??.??"]

1. e4 c5 2. Nc3 Nc6 3. f4 e6 4. Nf3 d5 5. Bb5 Nge7 6. Qe2 d4 7. Nd1 Ng6 8.
Bxc6+ bxc6 9. d3 Bd6 10. e5 Bc7 11. c3 Qd5 12. O-O O-O 13. Qf2 dxc3 14. Nxc3
Qxd3 15. Be3 Bb6 16. Rfd1 Qc4 17. Ng5 f6 18. exf6 Rxf6 19. Nce4 Rf8 20. Rdc1
Qd5 21. Rd1 Qc4 22. b3 Qa6 23. Nxc5 Qa5 24. Ncxe6 Bxe6 25. Nxe6 Rf6 26. Bxb6
Qxb6 27. f5 Qxf2+ 28. Kxf2 Rxf5+ 29. Kg1 Re8 30. Rd8 Rxd8 31. Nxd8 c5 32. Nc6
Rf7 33. Rc1 Nf4 34. Re1 Rc7 35. Ne5 g5 36. Kf2 Kg7 37. g3 Ng6 38. Kf3 Re7 39.
Nd3 Rxe1 40. Nxe1 c4 41. bxc4 Ne5+ 42. Ke4 Nxc4 43. Kf5 h6 44. h4 Ne3+ 45. Ke4
Nf1 46. Kf3 Kg6 47. Nd3 Nd2+ 48. Ke3 Nc4+ 49. Kd4 Nb6 50. Ke5 gxh4 51. gxh4 Kh5
52. Nf4+ Kxh4 53. Kf5 Nd7 54. Kg6 h5 55. Nxh5 a5 56. Nf6 Nxf6 57. Kxf6 a4 58.
Ke5 Kg4 59. Kd4 Kf5 60. a3 Ke6 61. Kc5 Ke5 62. Kb4 Kd4 63. Kxa4 Kc5 64. Kb3 Kb5
65. a4+ Ka5 66. Ka3 Ka6 67. Kb4 Kb6 68. a5+ Ka7 69. Kb5 Kb7 70. a6+ Kb8 71. Kb4
Ka7 72. Ka5 Ka8 73. Kb6 Kb8 74. a7+ Ka8 75. Kc5 Kxa7 1/2-1/2

[Event "Retro WM 84 Glasgow"]
[Site "Salzgitter"]
[Date "2018.12.09"]
[Round "3"]
[White "Meph. Excalibur X NY , 8 MHz"]
[Black "Cyrus II Chess Amstrad , 8 MHz"]
[Result "1-0"]
[WhiteElo "1750"]
[BlackElo "1670"]
[PlyCount "97"]
[EventDate "2018.??.??"]

1. d4 d5 2. Nf3 Nf6 3. e3 e6 4. Bd3 c5 5. O-O c4 6. Be2 Nc6 7. b3 cxb3 8. axb3
Bd6 9. Ba3 Ne4 10. Bxd6 Qxd6 11. Bd3 O-O 12. c4 b6 13. Na3 a6 14. Bxe4 dxe4 15.
Ng5 f5 16. d5 exd5 17. Qxd5+ Qxd5 18. cxd5 Nb4 19. d6 h6 20. Nh3 Bb7 21. Nc4 b5
22. Na5 Bc8 23. Rfd1 Bd7 24. Nf4 Rfc8 25. Rac1 Rc2 26. Rxc2 Nxc2 27. Rd2 Nb4
28. f3 exf3 29. gxf3 Rc8 30. Kf2 g5 31. Ng6 Rc5 32. Rd4 Kg7 33. Ne7 Nc2 34. Rd2
Nb4 35. Rd1 Rc2+ 36. Kg3 f4+ 37. exf4 gxf4+ 38. Kxf4 Rxh2 39. Nf5+ Bxf5 40.
Kxf5 Rh5+ 41. Ke6 Rg5 42. d7 Rg6+ 43. Ke7 Rf6 44. Rg1+ Rg6 45. d8=Q Rxg1 46.
Qd4+ Kh7 47. Qxg1 Nd5+ 48. Kf7 Nc3 49. Qg7# 1-0

[Event "Retro WM 84 Glasgow"]
[Site "Salzgitter"]
[Date "2018.12.09"]
[Round "22"]
[White "Cyrus II Chess Amstrad , 8 MHz"]
[Black "Meph. Excalibur X NY , 8 MHz"]
[Result "1-0"]
[WhiteElo "1670"]
[BlackElo "1750"]
[PlyCount "110"]
[EventDate "2018.??.??"]

1. d4 e6 2. e4 d5 3. exd5 exd5 4. Bb5+ c6 5. Bd3 Nf6 6. Qe2+ Be7 7. Bf4 Be6 8.
Nf3 Qb6 9. b3 O-O 10. O-O Nbd7 11. Re1 Nh5 12. Bd2 Rfe8 13. Nc3 Ndf6 14. Qe5
Qa5 15. Na4 Bb4 16. Bxb4 Qxb4 17. a3 Qa5 18. Qd6 Qd8 19. Qb4 Qc7 20. Nc5 b6 21.
Nxe6 Rxe6 22. Rxe6 fxe6 23. Re1 c5 24. dxc5 bxc5 25. Qc3 Qd6 26. g3 d4 27. Qc4
Qd5 28. Rxe6 Qxc4 29. Bxc4 Kf8 30. Re5 Rd8 31. Rxc5 Rd7 32. Be2 Ke7 33. Rc4 g6
34. Nxd4 Kd6 35. Bf3 Ng7 36. Bc6 Re7 37. Nb5+ Ke5 38. Ra4 h5 39. Nxa7 Ke6 40.
Kg2 Ng4 41. Bf3 Ne5 42. Ra6+ Kf5 43. Nc6 Nxc6 44. Rxc6 Ra7 45. a4 Ne6 46. Rd6
Rc7 47. c4 Nc5 48. Bd1 Ne4 49. Bc2 Re7 50. f3 Ke5 51. Rd5+ Kf6 52. Bxe4 Rb7 53.
Rd3 Rb8 54. a5 Rg8 55. Rd6+ Ke5 1-0

[Event "Retro WM 84 Glasgow"]
[Site "?"]
[Date "2018.12.12"]
[Round "35"]
[White "Cyrus II Chess Amstrad , 8 MHz"]
[Black "SciSys Turbostar 432 KSO , 4 MHz"]
[Result "0-1"]
[WhiteElo "1670"]
[BlackElo "1770"]
[PlyCount "116"]

1. d4 Nf6 2. c4 e6 3. Nc3 Bb4 4. e3 b6 5. Nge2 Ba6 6. Ng3 Bxc3+ 7. bxc3 d5 8.
Qb3 O-O 9. Ba3 Re8 10. Be2 e5 11. O-O exd4 12. cxd4 Nc6 13. Qa4 Bb7 14. cxd5
Nxd5 15. Rfc1 Qd7 16. Bb5 Re6 17. Qc2 a6 18. Bd3 g6 19. Rab1 Rd8 20. Be2 f5 21.
Qd3 a5 22. Kf1 f4 23. Ne4 Ncb4 24. Qc4 Ba6 25. Qb3 Bxe2+ 26. Kxe2 Rxe4 27. Bxb4
axb4 28. Kf1 fxe3 29. fxe3 Rxe3 30. Qc4 b5 31. Qc5 Nc3 32. Rxb4 Nxa2 33. Rcb1
Nxb4 34. Qxb4 Qxd4 35. Qxd4 Rxd4 36. Kf2 Ra3 37. Rxb5 Rd2+ 38. Ke1 Rxg2 39. Kf1
Rxh2 40. Kg1 Raa2 41. Rb7 Rhb2 42. Rxb2 Rxb2 43. Kh1 Kg7 44. Kg1 Kf6 45. Kh1
Kg5 46. Kg1 Kg4 47. Kf1 Kf3 48. Ke1 Ra2 49. Kd1 Kf2 50. Kc1 Ke1 51. Kb1 Rf2 52.
Kc1 h5 53. Kb1 h4 54. Kc1 h3 55. Kb1 h2 56. Kc1 h1=Q 57. Kb1 Qb7+ 58. Kc1 Qb2#
0-1